000 00612nam a2200181Ia 4500
003 GCL
005 20240530095245.0
008 140319s9999 xx 000 0 ara d
040 _aGCL /
_cGCL
082 0 4 _a027.46211
_bق/م ن
245 1 0 _aنشرة اعلامية غير دورية تصدر عن مكتبة الاسكندرية
260 _aالقاهرة :
_bمكتبة الاسكندرية ،
_c2002
300 _a44 ص ؛
_c32 سم
650 0 4 _aالمكتبات العامة
650 0 4 _aمكتبة الاسكندرية الجديدة
650 0 4 _aالمكتبات - دوريات
942 _2ddc
_cBK
999 _c5511
_d5511